Responses for Show #911 - Monday, July 18, 1988

Bruce Naegeli game 3. Missing introductions.

Contestants

[<< previous game]

Mike Murnane, from Tujunga, California

Kirk Daddow, from Ames, Iowa

Bruce Naegeli, a librarian from Phoenix, Arizona (whose 2-day cash winnings total $18,400)

[next game >>]

Jeopardy! Round responses

WORLD HISTORY
ZOOLOGY
ODDS & ENDS
SONG LYRICS
SPORTS TRIVIA
SOUND OFF
    $100 1
an earthquake

Bruce
    $100 7
the zebra

Bruce
    $100 16
Thanksgiving

Mike
    $100 6
Detroit

Bruce
    $100 18
finger inside cheek pops out

Kirk
    $200 2
the Monroe Doctrine

Mike
    $200 8
the jellyfish

Bruce
    $200 17
soda cracker

Triple Stumper
    $200 10
(Mike: Who is... Wayne Gretzky?)

Kareem Abdul-Jabbar

BruceMike
    $200 22
makes spitting noise with tongue out

Bruce
    $300 3
William & Mary

Kirk
    $300 9
on land

Kirk
    $300 19
Nancy Reagan

Bruce
    $300 13
Australia

Kirk
    $300 23
[Applause for Alex's demonstration of the yell]

yodeling Tarzan yell

Triple Stumper
    $400 4
China

Mike
    $400 11
the pelican

Mike
    $400 20
(Mike: Who is Gary Hart?)
...
(Alex: Less than a minute to go.)

John Denver

Mike
Triple Stumper
    $400 14
[Alex corrected himself from reading "3 Triple Crowns" to "2 Triple Crowns".]

harness racing

Kirk
    $400 24
(Mike: What is da-da-da-da-da-da?)
[Laughter]
(Alex: No, and it was bad, too.)
[Mike's response sounded liked the "Charge!" cheer.]
...
(Alex: That's a lot better, yes.)
[Applause]
[The end-of-round signal sounds.]

notes a bugler would play at the race track

BruceMike
    $500 5
Yalta

Mike
    $500 12
South America

Mike
    $500 21
the Prado

Mike
    $500 15
curling

Kirk

Scores at the first commercial break (after clue 12):

Bruce Kirk Mike
$700 $600 $1,800

Scores at the end of the Jeopardy! Round:

Bruce Kirk Mike
$1,600 $1,900 $1,600

Double Jeopardy! Round responses

U.S. CITIES
LITERATURE
TELEVISION
GOVERNMENT
JEWELRY
WORD ORIGINS
    $200 6
Cheyenne

Bruce
    $200 17
Hawaii

Mike
    $200 16
the Flintstones

Kirk
    $200 10
(Mike: Who is Khomeini?)

(Muammar) Gaddafi

BruceMike
    $200 1
[Bruce selected the first clue.]

a picnic

Bruce
    $400 7
Cincinnati

Bruce
    $400 18
William Faulkner

Mike
    $400 22
a medical examiner

Kirk
    $1,000 11
(Bruce: Let's try about $1,000 of it.)
(Alex: Whad'ya mean about $1,000?)
(Bruce: I'm sorry, I'm speaking in the Arizona fashion. Let's try $1,000.)
(Alex: I understood, I was just pulling your leg.)
...
(Alex: Well, Bruce, you're from Arizona; this is all close to you.)
(Bruce: I'm ashamed, I'm ashamed to say I don't know this.)
...
(Bruce: Of course, he's from Arizona, too.)

Alice Cooper

Bruce
    $400 2
Paradise

Mike
    $600 8
Seattle

Mike
    $600 19
Chicago

Kirk
    $600 23
Time-Life

Mike
    $600 13
Brezhnev

Bruce
    $600 3
(Mike: What is lingo?)
(Kirk: What is nomenclature?)

jargon

BruceKirkMike
    $800 9
(Mike: What is Louisville?)

Lexington

KirkMike
    $800 20
(Bruce: What is A Farewell to Arms?)
...
(Alex: We've got a minute.)

For Whom the Bells Tolls

BruceKirk
    $800 24
(Alex: That's right, The Tomorrow Show.)

Tom Snyder

Mike
    $800 14
to come to the Senate for a vote

Mike
    $800 4
a rookie

Bruce
    $1000 12
(Alex: All of our games are selected at random; they are never prepared in advance taking into account where the people are from or what their backgrounds might be. And we've had two questions on Arizona and it just so happens by coincidence that Bruce is from Phoenix, Arizona.)

Flagstaff

Bruce
    $500 21
(Kirk: Who is George Orwell?)

Sinclair Lewis

Kirk
    $1000 25
(Mike: Who was... Space Cadet?)
...
[The end-of-round signal sounds]

Captain Video

Mike
Triple Stumper
    $1000 15
President Delvalle

Mike
    $1000 5
(Mike: What is pornography?)

obscene

Mike
Triple Stumper

Scores at the end of the Double Jeopardy! Round:

Bruce Kirk Mike
$3,800 $3,600 $2,800

[wagering suggestions for these scores]

Final Jeopardy! Round responses

WORLD RELIGION
MikeWhat is Lutheranism?
$2,800
KirkWhat is Lutheran?
$2,100
BruceWhat is Lutheran?
$3,700
Lutheran

Final scores:

Bruce Kirk Mike
$7,500 $5,700 $5,600
3-day champion: $25,900 2nd place: Homelite Jacobsen mower & Lloyd/Flanders wicker furniture 3rd place: Maytag washer & dryer

Game dynamics:

Coryat scores:

Bruce Kirk Mike
$4,800 $4,100 $2,800
16 R,
2 W
(including 1 DD)
11 R,
2 W
(including 1 DD)
15 R
(including 1 DD),
8 W

Combined Coryat: $11,700

[game clues] [game scores] [suggest correction]

Game tape date: 1988-03-29
The J! Archive is created by fans, for fans. Scraping, republication, monetization, and malicious use prohibited; this site may use cookies and collect identifying information. See terms. The Jeopardy! game show and all elements thereof, including but not limited to copyright and trademark thereto, are the property of Jeopardy Productions, Inc. and are protected under law. This website is not affiliated with, sponsored by, or operated by Jeopardy Productions, Inc. Join the discussion at JBoard.tv.